header

Social analysis systems 2 (SAS2) (Record no. 2092)

MARC details
000 -LEADER
fixed length control field 01336nam a22003254a 4500
082 04 - DEWEY DECIMAL CLASSIFICATION NUMBER
Classification number 300.72
100 1# - MAIN ENTRY--AUTHOR NAME
Personal name Chevalier, Jacques M.,
245 10 - TITLE STATEMENT
Title Social analysis systems 2 (SAS2)
260 ## - PUBLICATION, DISTRIBUTION, ETC. (IMPRINT)
Place of publication New Delhi ;
-- Thousand Oaks, Calif. :
Name of publisher SAGE Publications,
Year of publication 2008.
300 ## - PHYSICAL DESCRIPTION
Number of Pages 311 p. :
Other physical details ill. (some col.).
650 #0 - SUBJECT ADDED ENTRY--TOPICAL TERM
Topical Term Social sciences
Topical Term Sociology
Topical Term Social sciences
700 1# - ADDED ENTRY--PERSONAL NAME
Personal name Buckles, Daniel,
856 40 - ELECTRONIC LOCATION AND ACCESS
Uniform Resource Identifier http://site.ebrary.com/lib/rucke/Doc?id=10286203

No items available.

© 2026 Rongo University
Contact us: librarian | system librarian | Rongo university